00465cam a22001572 4500001001100000005001700011008004100028020001700069040001500086050002100101245005900122250001200181260003700193300001800230650005900248000000280920151217151905.0070420s xx 000 0 eng d a039395871X : aKABUcKABU 0aPS507b.N67 199814aThe Norton anthology of American literature. Volume 1. a5th ed. aNew York :bW. W. Norton,c1998. axxix, 2611 p. 0aAmerican LiteraturexLiterary collections.@0000152321